Every B&M in the US - Images - Statistics

General Stats
  • This quiz has been taken 39 times
  • The average score is 44 of 63
Answer Stats
Picture Answer % Correct
Montu
100%
Alpengeist
94%
Kumba
94%
Banshee
87%
GateKeeper
87%
SheiKra
87%
Valravn
87%
Apollo's Chariot
84%
Diamondback
84%
Fury 325
84%
Griffon
84%
Manta
84%
Candymonium
81%
Orion
81%
Batman The Ride
77%
Batman The Ride
77%
Great Bear
77%
Pipeline the Surf Coaster
77%
Raptor
77%
Batman The Ride
74%
Hydra the Revenge
74%
Kraken
74%
Mako
74%
Phoenix Rising
74%
Superman Krypton Coaster
74%
Superman - Ultimate Flight
74%
Superman - Ultimate Flight
74%
Superman - Ultimate Flight
74%
Incredible Hulk
71%
Medusa
71%
Rougarou
71%
Tatsu
71%
Thunderbird
71%
Afterburn
68%
Dominator
68%
Flight Deck
68%
Goliath
68%
Nitro
68%
Scream!
68%
Batman The Ride
65%
Batman The Ride
65%
Batman The Ride
65%
Penguin Trek
65%
Talon
65%
Vortex
65%
Wild Eagle
65%
Iron Menace
61%
X-Flight
61%
Batman - The Dark Knight
58%
Dr. Diabolical's Cliffhanger
58%
Emperor
58%
Firebird
58%
Thunder Striker
58%
Wildfire
58%
Raging Bull
55%
Riddler's Revenge
55%
Silver Bullet
55%
Medusa
52%
Georgia Scorcher
48%
Goliath
48%
Great White
48%
Patriot
48%
Patriot
48%
No matching quizzes found
Score Distribution
Percent of People with Each Score
Percentile by Number Answered
Your Score History
You have not taken this quiz